00533nam a22001817a 450000500170000000800410001702000180005804000210007604100080009708200170010510000260012224500810014825000120022926000340024130000100027565000400028570000260032520250305075809.0250305b |||||||| |||| 00| 0 eng d a9788119679560 aIN-DiNCcIN-DiNC dasm a320.954bGOH aGohain, Nabineauthor aBharatbarshat rajnaitik prakriya (Major7)/cby Nabin Gohain and Pankaj Borah a1st ed. aJorhat:bBidya bhawan,c2024. a352p. aPolitical process in India (Major7) aBorah, Pankajeauthor